Pays qui possédaient Bratislava à travers l'histoire - Statistiques

Statistiques générales
  • Ce quiz a été pris 35 fois
  • Le résultat moyen est 9 sur 19
Statistiques - réponses
Période Pays % Correct
1938 - 1945 République Slovaque
97%
1993 - Aujourd'hui Slovaquie
97%
1526 - 1806 Archiduché d'Autriche
88%
1869 - 1919 Autriche-Hongrie
88%
1806 - 1869 Empire d'Autriche
88%
1918 - 1938 Royaume de Tchécoslovaquie
76%
1945 - 1993 Tchécoslovaquie
76%
908 - 1001 Grande Principauté de Hongrie
74%
1001 - 1526 Royaume de Hongrie
74%
- 29 - 395 Empire Romain
68%
493 - 553 Royaume Ostrogoth
29%
- 50 -/- 29 République Romaine
24%
395 - 493 Empire Romain d'Occident
18%
553 - 568 Royaum Lombard
12%
568 - 623 Khaganat Avar
9%
833 - 900 Principauté de Nitra
9%
900 - 908 Duché de Bavière
6%
623 - 833 Empire de Samo
6%
-300 -/- 50 Boïen
3%
Aucun quiz correspondant
Distribution des résultats
% des personnes avec chaque résultat
Percentile par nombre de réponses
Votre historique - résultats
Vous n’avez pas pris ce quiz